000 00514nam a22001937a 4500
003 MPLRDC
005 20220104190721.0
008 210129b ||||| |||| 00| 0 eng d
020 _a978-988-19218-0-2
082 _a494.2 GAL
100 _aCARMINE GALLO
245 _a苹果本色
_c阎纪宇 译
250 _a初版
260 _a台湾
_b美商麦格罗。希尔国际股份有限公司台湾分公司
_c2010
300 _b
490 _aBRAND: 02
650 _a管理组织
942 _cBK
_o494.2 GAL
999 _c63920
_d63910